[Event "SR 3. liga A2 2011/2012"]
[Site "?"]
[Date "2011.11.27"]
[Round "4.2"]
[White "Ambros, Rafael"]
[Black "Bahna, Jan"]
[Result "0-1"]
[WhiteElo "2018"]
[BlackElo "1977"]
[PlyCount "122"]
[EventDate "2011.??.??"]

1. e4 e5 2. Nf3 Nc6 3. Bb5 a6 4. Ba4 Nf6 5. d3 b5 6. Bb3 d6 7. c3 Be7 8. O-O
Na5 9. Bc2 c5 10. Qe2 O-O 11. Nbd2 Qc7 12. Re1 Bg4 13. h3 Bh5 14. Nf1 Rfe8 15.
g4 Bg6 16. Ng3 Rac8 17. Kh2 h6 18. Rg1 Nc6 19. Nf5 Bf8 20. N3h4 Nh7 21. Bb3 Kh8
22. Nxg6+ fxg6 23. Nh4 Ne7 24. Bf7 g5 25. Bxe8 Rxe8 26. Nf5 Ng6 27. Rd1 Nf4 28.
Bxf4 exf4 29. h4 g6 30. hxg5 gxf5 31. g6 Ng5 32. gxf5 f3 33. Qe3 d5+ 34. Kh1
Bg7 35. Rg1 Qe7 36. exd5 Qf8 37. Qf4 Nh3 38. Qxf3 Nxg1 39. Rxg1 Re5 40. Rg2
Rxf5 41. Qe4 Re5 42. Qg4 Rxd5 43. Qe6 Rd6 44. Qe3 Qd8 45. Rg4 Rxd3 46. Qxc5 Qd7
47. Qb4 Rd1+ 48. Kg2 Rd2 49. Rf4 Qd8 50. a4 bxa4 51. Qxa4 Rxb2 52. Re4 Rb8 53.
Kg3 Qd6+ 54. Kg2 Qxg6+ 55. Rg4 Qd6 56. Qe4 Rc8 57. Rg6 Qc5 58. Rxa6 Qxc3 59.
Qh4 Rg8 60. Kh2 Be5+ 61. f4 Qd2+ 0-1

[Event "SR 3. liga A2 2011/2012"]
[Site "?"]
[Date "2011.11.27"]
[Round "4.2"]
[White "Halas, Miroslav"]
[Black "Kocak, Branislav"]
[Result "1-0"]
[WhiteElo "1946"]
[BlackElo "1914"]
[PlyCount "105"]
[EventDate "2011.??.??"]

1. e4 c5 2. Nf3 d6 3. d4 cxd4 4. Nxd4 Nf6 5. Nc3 a6 6. Be3 e5 7. Nb3 Be6 8. Qd2
Be7 9. Rd1 Nbd7 10. Be2 Qc7 11. O-O O-O 12. f4 exf4 13. Bxf4 Ne5 14. Nd4 Bc4
15. Nf5 Rfd8 16. Qe1 Bf8 17. Bxe5 dxe5 18. Rxd8 Rxd8 19. Bxc4 Qxc4 20. Nh6+ Kh8
21. Nd5 Rd7 22. Nxf6 gxf6 23. Ng4 Qxc2 24. Nxf6 Rd2 25. Qg3 Bg7 26. Nh5 Qc5+
27. Kh1 Qf8 28. Qb3 b5 29. h3 f6 30. Qe6 Rd6 31. Qg4 Rd2 32. Rc1 Bh6 33. Rc8
Rd8 34. Rc6 Rd6 35. Qc8 Rxc6 36. Qxc6 Bg5 37. Qxa6 b4 38. Qe6 h6 39. a4 bxa3
40. bxa3 Qg8 41. Qxg8+ Kxg8 42. a4 Kf7 43. Ng3 Ke7 44. Nf5+ Kd7 45. Kh2 h5 46.
Kg3 Kc6 47. Ng7 Kc5 48. Nxh5 Kb4 49. h4 Bd2 50. Nxf6 Kxa4 51. Kg4 Kb4 52. Kf5
Bc3 53. Nd5+ 1-0

[Event "SR 3. liga A2 2011/2012"]
[Site "?"]
[Date "2011.11.27"]
[Round "4.2"]
[White "Valla, Tomas"]
[Black "Krist, Milan"]
[Result "1-0"]
[WhiteElo "1846"]
[BlackElo "1990"]
[PlyCount "153"]
[EventDate "2011.??.??"]

1. e4 e6 2. d4 d5 3. Nc3 dxe4 4. Nxe4 Nf6 5. Nxf6+ Qxf6 6. Nf3 h6 7. Bd3 Bd6 8.
Qe2 O-O 9. Bd2 Bd7 10. Qe4 g6 11. Bxh6 Bc6 12. Qg4 Re8 13. Bg5 Qg7 14. O-O-O e5
15. dxe5 Bxf3 16. gxf3 Bxe5 17. b3 Nc6 18. h4 Rad8 19. c3 Bf6 20. f4 Rd6 21.
Bc2 Red8 22. Rxd6 Rxd6 23. h5 Bxg5 24. fxg5 gxh5 25. Rxh5 Qe5 26. Qe4 Qxe4 27.
Bxe4 Nd8 28. Kc2 c6 29. b4 Ne6 30. g6 fxg6 31. Bxg6 Nf4 32. Bh7+ Kg7 33. Rh2
Nd5 34. Be4 Nf6 35. Bd3 b5 36. Rg2+ Kf7 37. f3 Re6 38. Re2 Rd6 39. Rh2 Kg7 40.
Rg2+ Kf7 41. Rh2 Kg7 42. Re2 Kf7 43. Re5 Nd7 44. Rh5 Nf6 45. Rh8 Ne8 46. Rh7+
Ng7 47. Be4 Kg8 48. Rh3 Re6 49. Rh2 Rd6 50. Rg2 Kf7 51. Rg5 Ne6 52. Rg6 c5 53.
Kb2 cxb4 54. cxb4 Rd2+ 55. Kb3 Rd6 56. Kc3 Rd4 57. Rh6 Rd6 58. Bf5 Rc6+ 59. Kb2
Nd4 60. Rxc6 Nxc6 61. Kc3 Ke7 62. Be4 Ne5 63. Kd4 Kd6 64. f4 Nd7 65. Bd3 a6 66.
Be4 Kc7 67. Kd5 Nf6+ 68. Ke5 Ne8 69. Ke6 Kd8 70. f5 Ng7+ 71. Kf7 Ne8 72. Bc6
Nd6+ 73. Ke6 Kc7 74. Bd5 Ne8 75. f6 Kd8 76. f7 Nc7+ 77. Kd6 1-0

[Event "SR 3. liga A2 2011/2012"]
[Site "?"]
[Date "2011.11.27"]
[Round "4.2"]
[White "Mosny, Jaroslav"]
[Black "Brunovsky, Peter"]
[Result "0-1"]
[WhiteElo "1941"]
[BlackElo "1809"]
[PlyCount "88"]
[EventDate "2011.??.??"]

1. d4 Nf6 2. Nf3 g6 3. g3 Bg7 4. Bg2 O-O 5. O-O d5 6. c4 e6 7. b3 c6 8. Bb2
Nbd7 9. Nbd2 b6 10. Qc2 Bb7 11. Rad1 Rc8 12. Rfe1 c5 13. e3 Qc7 14. Qb1 Qb8 15.
Ne5 Nxe5 16. dxe5 Ng4 17. Nf3 Qa8 18. cxd5 Bxd5 19. e4 Bc6 20. h3 Nh6 21. g4
Kh8 22. Nd2 Bb5 23. Bf1 a6 24. a4 Bxf1 25. Nxf1 Rfd8 26. Rd6 Rxd6 27. exd6 f6
28. Qd3 Nf7 29. Ne3 Ng5 30. Nc4 Qc6 31. h4 Nf7 32. d7 Rd8 33. Rd1 b5 34. axb5
axb5 35. Na3 b4 36. Nc4 Kg8 37. f3 Kf8 38. f4 Ke7 39. g5 e5 40. fxe5 fxe5 41.
Qd5 Qxd5 42. Rxd5 Rxd7 43. Rxc5 Rd3 44. Na5 Rd1+ 0-1

[Event "SR 3. liga A2 2011/2012"]
[Site "?"]
[Date "2011.11.27"]
[Round "4.2"]
[White "Zajicek, Ferdinand"]
[Black "Hagara, Vladimir"]
[Result "1/2-1/2"]
[WhiteElo "1860"]
[BlackElo "1927"]
[PlyCount "121"]
[EventDate "2011.??.??"]

1. e4 c5 2. Nf3 d6 3. Nc3 Nf6 4. b3 Nc6 5. Bb2 e6 6. Be2 Be7 7. O-O a6 8. Re1
O-O 9. d3 b5 10. Qd2 Bb7 11. Nd1 Re8 12. Ne3 Nd7 13. Ng4 Nf8 14. h3 Ng6 15.
Nfh2 Bg5 16. Qd1 Nf4 17. Nf3 Be7 18. g3 Nxe2+ 19. Qxe2 e5 20. Ne3 Nd4 21. Nxd4
exd4 22. Ng4 Bf8 23. c3 dxc3 24. Bxc3 Qd7 25. Qe3 Qe6 26. f4 f5 27. Nf2 d5 28.
Be5 fxe4 29. dxe4 dxe4 30. Kh2 Rac8 31. Nxe4 Bxe4 32. Qxe4 c4 33. Qf3 Qc6 34.
Qxc6 Rxc6 35. bxc4 Rxc4 36. Rac1 Rec8 37. Rxc4 Rxc4 38. Re2 Kf7 39. Kg2 g6 40.
Kf3 Bc5 41. Rd2 Ke7 42. Kg4 Bb4 43. Re2 Kf7 44. Kf3 Rc1 45. Bd4 Rd1 46. Ke4 Rh1
47. h4 Re1 48. Kf3 Rxe2 49. Kxe2 Ke6 50. g4 Be7 51. Bf2 Kd5 52. Kd3 b4 53. h5
gxh5 54. gxh5 Bd6 55. f5 a5 56. Bh4 a4 57. f6 Ke6 58. Kc4 Bf8 59. Be1 b3 60.
axb3 axb3 61. Kxb3 1/2-1/2

[Event "SR 3. liga A2 2011/2012"]
[Site "?"]
[Date "2011.11.27"]
[Round "4.2"]
[White "Kolenak, Matus"]
[Black "Papanek, Lubomir"]
[Result "1-0"]
[WhiteElo "1848"]
[BlackElo "1630"]
[PlyCount "61"]
[EventDate "2011.??.??"]

1. d4 d5 2. c4 e6 3. Nf3 c5 4. e3 Nc6 5. Nc3 cxd4 6. exd4 Nf6 7. Bd3 Be7 8. O-O
O-O 9. b3 b6 10. Bb2 Bb7 11. cxd5 exd5 12. Rc1 Rb8 13. Ne2 Nb4 14. Bb1 Ba6 15.
a3 Nc6 16. Rxc6 Re8 17. Bd3 Bb7 18. Rc1 Bd6 19. Ne5 Bxe5 20. dxe5 Ng4 21. Bb5
Re6 22. h3 Rh6 23. Qd4 f5 24. Ng3 Qg5 25. Rc7 Rxh3 26. gxh3 f4 27. Rxb7 Rf8 28.
Qxd5+ Kh8 29. Qf7 Rg8 30. Qh5 Nxf2 31. Qxg5 1-0

[Event "SR 3. liga A2 2011/2012"]
[Site "?"]
[Date "2011.11.27"]
[Round "4.3"]
[White "Skreno, Vladimir"]
[Black "Ivan, Imrich"]
[Result "0-1"]
[WhiteElo "2178"]
[BlackElo "2057"]
[PlyCount "66"]
[EventDate "2011.??.??"]

1. d4 e6 2. Nf3 d5 3. c4 c6 4. cxd5 exd5 5. Nc3 Nf6 6. Bg5 Be7 7. Bxf6 Bxf6 8.
e3 Bf5 9. Be2 O-O 10. O-O Nd7 11. b4 b5 12. a4 a6 13. a5 Rc8 14. Rc1 Be7 15.
Qb3 Bd6 16. Ne1 Nf6 17. g3 h5 18. Nd3 Bxd3 19. Bxd3 Qe7 20. Na2 Ne4 21. Rc2 h4
22. Rfc1 hxg3 23. hxg3 Nxg3 24. fxg3 Qxe3+ 25. Kh1 g6 26. Re2 Qxg3 27. Bc2 Qg4
28. Rg2 Qh4+ 29. Kg1 Qxd4+ 30. Kf1 Rce8 31. Rd1 Qh4 32. Qc3 Re6 33. Rd4 Qh1+
0-1

[Event "SR 3. liga A2 2011/2012"]
[Site "?"]
[Date "2011.11.27"]
[Round "4.3"]
[White "Csefalvay, Stefan"]
[Black "Hertel, Ondrej"]
[Result "0-1"]
[WhiteElo "1916"]
[BlackElo "2073"]
[PlyCount "110"]
[EventDate "2011.??.??"]

1. d4 d5 2. Nf3 Nf6 3. c4 e6 4. g3 c6 5. Bg2 Nbd7 6. O-O Be7 7. Qc2 O-O 8. Nbd2
b6 9. e4 dxe4 10. Nxe4 Nxe4 11. Qxe4 Bb7 12. Ne5 Nf6 13. Qd3 Qc7 14. Qf3 Rac8
15. Bg5 Ba8 16. Qe2 c5 17. Bxa8 Rxa8 18. dxc5 bxc5 19. Rad1 Rad8 20. Nf3 h6 21.
Bf4 Qb7 22. Be5 Ne4 23. Rfe1 f5 24. Nd2 Ng5 25. Qe3 Rxd2 26. Rxd2 Nf3+ 27. Kf1
Nxd2+ 28. Qxd2 Qh1+ 29. Ke2 Qe4+ 30. Kf1 Qxc4+ 31. Qe2 Qxe2+ 32. Rxe2 Rd8 33.
Bc3 Kf7 34. h4 Bf6 35. Bxf6 Kxf6 36. f4 Rd5 37. Kf2 e5 38. fxe5+ Rxe5 39. Rc2
g5 40. hxg5+ hxg5 41. Rc4 Rd5 42. Ke2 Ke6 43. Ra4 Rd7 44. Ra6+ Kd5 45. Rf6 Ke4
46. Re6+ Kd4 47. Re3 c4 48. b3 Rh7 49. Re8 Rh2+ 50. Kf3 g4+ 51. Kf4 Rf2+ 52.
Kg5 c3 53. Rd8+ Ke3 54. a4 c2 55. Rc8 Kd2 0-1

[Event "SR 3. liga A2 2011/2012"]
[Site "?"]
[Date "2011.11.27"]
[Round "4.3"]
[White "Synak, Jan"]
[Black "Feher, Tibor"]
[Result "0-1"]
[WhiteElo "1966"]
[BlackElo "1802"]
[PlyCount "60"]
[EventDate "2011.??.??"]

1. Nf3 d5 2. g3 Nf6 3. c4 c6 4. b3 e6 5. Bg2 Be7 6. O-O O-O 7. Bb2 Nbd7 8. Qc2
Re8 9. d4 Bd6 10. Nbd2 e5 11. dxe5 Nxe5 12. Nxe5 Bxe5 13. Rfe1 Bxb2 14. Qxb2
Be6 15. cxd5 Bxd5 16. e4 Be6 17. Nc4 Qc7 18. Rad1 Rad8 19. e5 Rxd1 20. Rxd1 Nd7
21. Nd6 Rd8 22. f4 f6 23. Qe2 fxe5 24. fxe5 Rf8 25. Qh5 Qa5 26. Be4 Nf6 27. Qg5
Nxe4 28. Nxe4 Bd5 29. Nf6+ Rxf6 30. Qe3 Rf3 0-1

[Event "SR 3. liga A2 2011/2012"]
[Site "?"]
[Date "2011.11.27"]
[Round "4.3"]
[White "Matus, David"]
[Black "Peska, Juraj"]
[Result "0-1"]
[WhiteElo "1710"]
[BlackElo "1925"]
[PlyCount "88"]
[EventDate "2011.??.??"]

1. e4 c5 2. Nf3 Nc6 3. d4 cxd4 4. Nxd4 Nf6 5. Nc3 e5 6. Nxc6 bxc6 7. Bd3 Bb4 8.
Bd2 O-O 9. a3 Ba5 10. b4 Bb6 11. Rb1 d5 12. exd5 cxd5 13. Bg5 Bb7 14. O-O e4
15. Bb5 d4 16. Ne2 Qd5 17. Bxf6 gxf6 18. Ba4 Kh8 19. Kh1 Rad8 20. Bb3 Qg5 21.
Ng3 f5 22. Qh5 Qxh5 23. Nxh5 Ba6 24. Rfe1 d3 25. cxd3 exd3 26. Nf4 Bxf2 27.
Red1 d2 28. Nd5 Be1 29. Rxe1 dxe1=Q+ 30. Rxe1 Bb7 31. Ne7 Rd2 32. Rg1 f4 33.
Bd1 Re8 34. Nf5 Bxg2+ 35. Rxg2 Rxd1+ 36. Rg1 Rxg1+ 37. Kxg1 Re1+ 38. Kg2 Ra1
39. Kf3 Rxa3+ 40. Kxf4 Rb3 41. Ke5 Rxb4 42. Kf6 a5 43. Nd6 Rb6 44. Ke7 Rxd6 0-1

[Event "SR 3. liga A2 2011/2012"]
[Site "?"]
[Date "2011.11.27"]
[Round "4.3"]
[White "Slamena, Michal"]
[Black "Kahanec, Jan"]
[Result "1/2-1/2"]
[WhiteElo "1976"]
[BlackElo "1513"]
[PlyCount "105"]
[EventDate "2011.??.??"]

1. e4 e5 2. Nf3 Nc6 3. Bb5 d6 4. d4 exd4 5. Nxd4 Bd7 6. Bxc6 bxc6 7. O-O Nf6 8.
Nc3 Be7 9. Bf4 O-O 10. e5 dxe5 11. Bxe5 Bd6 12. Nf3 Bg4 13. Bg3 Bxg3 14. fxg3
Nd5 15. Qd4 Be6 16. Ne4 h6 17. Ne5 Qe8 18. Nc5 a5 19. Rae1 Nb4 20. Qf2 Nd5 21.
c4 Nf6 22. Qf3 Qb8 23. Qxc6 Qxb2 24. Nxe6 fxe6 25. Qxe6+ Kh7 26. Qf5+ Kg8 27.
Ng6 Rfe8 28. Ne7+ Kh8 29. Qg6 Rf8 30. Nf5 Ng8 31. Rf2 Qc3 32. Ref1 Ne7 33. Nxe7
Rxf2 34. Kxf2 Qd2+ 35. Kf3 Qc3+ 36. Kg4 Qxc4+ 37. Rf4 Qe2+ 38. Kh3 Qxe7 39. g4
Qa3+ 40. g3 Qxa2 41. g5 hxg5 42. Qxg5 Qe6+ 43. Rg4 Qd7 44. Kg2 a4 45. Rh4+ Kg8
46. Qg6 Qd5+ 47. Kh3 Qd7+ 48. g4 a3 49. Qh7+ Kf7 50. Rh6 a2 51. Qg6+ Kg8 52.
Qh7+ Kf7 53. Qg6+ 1/2-1/2

[Event "SR 3. liga A2 2011/2012"]
[Site "?"]
[Date "2011.11.27"]
[Round "4.3"]
[White "Pszota, Mate"]
[Black "Majtan, Martin"]
[Result "0-1"]
[WhiteElo "1422"]
[BlackElo "1857"]
[PlyCount "48"]
[EventDate "2011.??.??"]

1. e4 e5 2. Nf3 Nc6 3. Bc4 Bc5 4. O-O Nf6 5. Nc3 O-O 6. a3 a5 7. d3 h6 8. Bd2
Nd4 9. Nd5 Nxd5 10. Bxd5 c6 11. Bc4 d5 12. Ba2 Bg4 13. b4 axb4 14. axb4 Bb6 15.
exd5 cxd5 16. h3 Nxf3+ 17. gxf3 Bxh3 18. Re1 Bd4 19. c3 Bxc3 20. Re2 Bxa1 21.
Qxa1 e4 22. fxe4 Qf6 23. e5 Qg6+ 24. Kh2 Qg2# 0-1

[Event "SR 3. liga A2 2011/2012"]
[Site "?"]
[Date "2011.11.27"]
[Round "4.3"]
[White "Gajarsky, Roman"]
[Black "Csoltko, Fridrich"]
[Result "1-0"]
[WhiteElo "1915"]
[BlackElo "1315"]
[PlyCount "87"]
[EventDate "2011.??.??"]

1. e4 e5 2. Nf3 Nc6 3. Bc4 Bc5 4. d3 Nf6 5. h3 O-O 6. Nc3 d6 7. Bg5 h6 8. Be3
Bxe3 9. fxe3 Nh5 10. g4 Nf6 11. Qe2 a6 12. O-O-O b5 13. Bb3 Na5 14. Nd5 Nxb3+
15. cxb3 Nxd5 16. exd5 Bb7 17. e4 c6 18. dxc6 Rc8 19. Kb1 Bxc6 20. h4 d5 21.
Nxe5 Qc7 22. Nf3 Rfe8 23. e5 d4 24. Rhf1 Qd7 25. g5 Qg4 26. gxh6 g6 27. h7+
Kxh7 28. Ng5+ Qxg5 29. hxg5 Kg7 30. Qf2 Bd5 31. Qf6+ Kf8 32. Qd6+ Re7 33. Qxd5
Rce8 34. Rde1 Re6 35. Qxd4 Rc8 36. Rf6 Re7 37. Rc1 Rce8 38. Qb6 Kg7 39. d4 a5
40. Rc7 Rxc7 41. Qxc7 Rf8 42. e6 Kh8 43. e7 Rg8 44. Rxf7 1-0

[Event "SR 3. liga A2 2011/2012"]
[Site "?"]
[Date "2011.11.27"]
[Round "4.4"]
[White "Abel, Peter"]
[Black "Veselsky, Jozef"]
[Result "1-0"]
[WhiteElo "2198"]
[BlackElo "2133"]
[PlyCount "147"]
[EventDate "2011.??.??"]

1. c4 e6 2. Nf3 d5 3. g3 Nf6 4. b3 Be7 5. Bb2 O-O 6. Bg2 b6 7. O-O Bb7 8. d3 c5
9. Nbd2 Nc6 10. a3 Qc7 11. Qc2 d4 12. e4 dxe3 13. fxe3 Ng4 14. Rfe1 Bf6 15.
Rad1 Nce5 16. Nxe5 Nxe5 17. Ne4 Be7 18. d4 Ng4 19. Qe2 f5 20. Nc3 Rad8 21. d5
exd5 22. Bxd5+ Kh8 23. e4 Bf6 24. Nb5 Qb8 25. Bxb7 Qxb7 26. Nd6 Qc7 27. Nxf5
Ne5 28. Rxd8 Rxd8 29. Rd1 Nf3+ 30. Qxf3 Bxb2 31. a4 Kg8 32. Rxd8+ Qxd8 33. Kg2
Be5 34. Qe2 Qd7 35. Ne3 Bd4 36. Qg4 Qe7 37. Qc8+ Kf7 38. Qf5+ Qf6 39. Nd5 Qxf5
40. exf5 Ke8 41. Kf3 Kd7 42. Ke4 Bb2 43. Nf4 Ke7 44. Nd3 Bc3 45. Ne5 Kd6 46.
Nf3 Bb2 47. Ng5 h6 48. Nf3 Bc3 49. g4 Bb2 50. h4 Bc3 51. g5 hxg5 52. hxg5 Bb2
53. Kf4 Ke7 54. Ne5 Kd6 55. Ng6 Kd7 56. Ke4 Kd6 57. Nf4 Bc3 58. f6 gxf6 59. g6
Kd7 60. Kf5 Ke8 61. Nd5 Bd4 62. Nxf6+ Kf8 63. Nh5 Ke7 64. Ke4 Ke6 65. g7 Kf7
66. Kd5 Bc3 67. Kc6 Ba5 68. Kb7 Kg8 69. Kxa7 Kf7 70. Kb7 Kg8 71. Kc6 Kf7 72.
Kb5 Kg8 73. Nf6+ Kxg7 74. Nd5 1-0

[Event "SR 3. liga A2 2011/2012"]
[Site "?"]
[Date "2011.11.27"]
[Round "4.4"]
[White "Meszaros, Lorant"]
[Black "Mihalik, Anton"]
[Result "1/2-1/2"]
[WhiteElo "2053"]
[BlackElo "1965"]
[PlyCount "112"]
[EventDate "2011.??.??"]

1. d4 d5 2. c4 e6 3. Nf3 Nf6 4. g3 Be7 5. Bg2 O-O 6. O-O dxc4 7. Ne5 c5 8. e3
cxd4 9. exd4 Qc7 10. Qc2 Nbd7 11. Nxc4 Nd5 12. Qe2 Bf6 13. Rd1 b6 14. Ne3 Nxe3
15. Bxe3 Bb7 16. Bf4 e5 17. dxe5 Nxe5 18. Bxe5 Qxe5 19. Qxe5 Bxe5 20. Bxb7 Rab8
21. Bf3 Bxb2 22. Nd2 Bxa1 23. Rxa1 Rfd8 24. Nc4 Rbc8 25. Ne3 Rd2 26. a4 Kf8 27.
Kf1 Rc5 28. Be2 Rb2 29. Bb5 f5 30. Rd1 Rcxb5 31. axb5 Rxb5 32. Rd7 a5 33. Nc4
a4 34. Ke2 Rb4 35. Kd3 b5 36. Nd6 a3 37. Rf7+ Kg8 38. Ra7 Rb3+ 39. Kc2 Rb2+ 40.
Kc1 g6 41. Rxa3 Rxf2 42. h4 b4 43. Rb3 f4 44. Ne4 Rh2 45. Rxb4 fxg3 46. Nxg3
Kg7 47. Kd1 Rh3 48. Ne2 h6 49. Nf4 Rh1+ 50. Ke2 g5 51. Nh5+ Kg6 52. Ng3 Rh2+
53. Kf3 gxh4 54. Rb6+ Kg5 55. Rb5+ Kg6 56. Ne2 Rh1 1/2-1/2

[Event "SR 3. liga A2 2011/2012"]
[Site "?"]
[Date "2011.11.27"]
[Round "4.4"]
[White "Manak, Adrian"]
[Black "Kalmar, Tamas"]
[Result "1/2-1/2"]
[WhiteElo "1931"]
[BlackElo "1842"]
[PlyCount "90"]
[EventDate "2011.??.??"]

1. e4 e6 2. d4 d5 3. Nd2 dxe4 4. Nxe4 Bd7 5. Nf3 Bc6 6. Bd3 Nd7 7. O-O Ngf6 8.
Ng3 Bd6 9. c4 O-O 10. Re1 Bxf3 11. Qxf3 c6 12. Ne4 Nxe4 13. Qxe4 Nf6 14. Qh4
Re8 15. Be3 h6 16. Rad1 Nd7 17. Qxd8 Raxd8 18. Re2 Nf6 19. f3 Rd7 20. Bc2 Red8
21. Rde1 Bc7 22. Bb3 Bb6 23. c5 Bc7 24. Bf2 Nd5 25. Bxd5 Rxd5 26. b4 R8d7 27.
Kf1 Bd8 28. Re5 Bf6 29. Rxd5 Rxd5 30. Re4 Kf8 31. Ke2 e5 32. Kd3 a6 33. f4 exf4
34. Rxf4 Bg5 35. Re4 f5 36. Re2 Kf7 37. a4 Rd7 38. b5 axb5 39. axb5 Re7 40. Rb2
Ke6 41. Kc4 Kd7 42. bxc6+ bxc6 43. Rb7+ Ke6 44. Rb6 Kd7 45. Rb7+ Ke6 1/2-1/2

[Event "SR 3. liga A2 2011/2012"]
[Site "?"]
[Date "2011.11.27"]
[Round "4.4"]
[White "Szekely, Stefan"]
[Black "Bincik, Pavol"]
[Result "1/2-1/2"]
[WhiteElo "1931"]
[BlackElo "1916"]
[PlyCount "65"]
[EventDate "2011.??.??"]

1. c4 c6 2. Nc3 d5 3. cxd5 cxd5 4. d4 Nc6 5. Nf3 Nf6 6. g3 Qb6 7. Bg2 Bg4 8. e3
e6 9. O-O Be7 10. Qd2 O-O 11. b3 Bb4 12. Qb2 Bxc3 13. Qxc3 Rfc8 14. Qb2 Nb4 15.
a3 Nd3 16. Qb1 Bf5 17. Qa2 h6 18. Rd1 Rc7 19. Bf1 Nxc1 20. Raxc1 Rac8 21. Rxc7
Rxc7 22. Bd3 Bxd3 23. Rxd3 Qc6 24. Qd2 Qc2 25. Qxc2 Rxc2 26. Rd2 Rc3 27. Rb2
Ne4 28. Kg2 f6 29. Ne1 Kf7 30. f3 Nd6 31. Kf2 Nb5 32. a4 Nd6 33. Ke2 1/2-1/2

[Event "SR 3. liga A2 2011/2012"]
[Site "?"]
[Date "2011.11.27"]
[Round "4.4"]
[White "Nemsak, Denis"]
[Black "Both, Lajos"]
[Result "1-0"]
[WhiteElo "1916"]
[BlackElo "1822"]
[PlyCount "69"]
[EventDate "2011.??.??"]

1. c4 c5 2. Nc3 Nc6 3. g3 g6 4. Bg2 Bg7 5. d3 e6 6. e4 Nge7 7. Nge2 O-O 8. O-O
a6 9. Be3 d6 10. f4 f5 11. Rb1 Rb8 12. a4 b6 13. Bf2 Bb7 14. d4 Qc7 15. d5 Nb4
16. dxe6 Bc8 17. Nd5 Nbxd5 18. exd5 b5 19. b3 bxc4 20. bxc4 a5 21. Rxb8 Qxb8
22. Qd3 Ba6 23. Rb1 Qc7 24. Nc3 Rb8 25. Rxb8+ Qxb8 26. Nb5 Bxb5 27. axb5 Nc8
28. g4 fxg4 29. Bh4 Qc7 30. f5 gxf5 31. Qxf5 Bd4+ 32. Kh1 Qg7 33. b6 Nxb6 34.
e7 Qf7 35. Qe6 {Èierny èas!} 1-0

[Event "SR 3. liga A2 2011/2012"]
[Site "?"]
[Date "2011.11.27"]
[Round "4.4"]
[White "Lelkes, Bela"]
[Black "Slaby, Jozef"]
[Result "0-1"]
[WhiteElo "1809"]
[BlackElo "1856"]
[PlyCount "116"]
[EventDate "2011.??.??"]

1. d4 d5 2. c4 e6 3. a3 Nf6 4. Nc3 b6 5. cxd5 exd5 6. Bf4 c6 7. h3 Be7 8. Nf3
Nbd7 9. e3 O-O 10. Bd3 Bb7 11. O-O c5 12. Ne2 c4 13. Bc2 b5 14. Ng3 Nb6 15. Nf5
Bc8 16. Ne5 Bxf5 17. Bxf5 Nbd7 18. Nc6 Qe8 19. Nxe7+ Qxe7 20. Bc2 Rac8 21. Rc1
Ne4 22. f3 Nef6 23. Qe1 Nh5 24. Bh2 Nhf6 25. Qc3 Rfe8 26. Rce1 h6 27. Qa5 Nf8
28. Qxb5 c3 29. b4 Ne6 30. Qd3 Nf8 31. e4 a5 32. Qb5 axb4 33. axb4 Qa7 34. Be5
Rxe5 35. Kh1 Qxd4 36. Qb7 Qc4 37. Bb3 Qc7 38. Qa6 d4 39. Ra1 Rb8 40. Ra4 Ne6
41. Qd3 Rd8 42. Rfa1 Rd7 43. Ra8+ Kh7 44. R1a7 Qd6 45. Ra4 Nf4 46. Qd1 Rb5 47.
R4a6 Qe7 48. Ra5 Qxb4 49. Rxb5 Qxb5 50. Ra2 Rb7 51. Ba4 Qb1 52. Ra1 Qxd1+ 53.
Rxd1 d3 54. g3 Nxh3 55. Kg2 c2 56. Bxc2 dxc2 57. Rc1 Ng5 58. Rxc2 Rb3 0-1

[Event "SR 3. liga A2 2011/2012"]
[Site "?"]
[Date "2011.11.27"]
[Round "4.4"]
[White "Nedorost, Lubomir"]
[Black "Lelkes, Geza"]
[Result "1-0"]
[WhiteElo "1667"]
[BlackElo "1694"]
[PlyCount "63"]
[EventDate "2011.??.??"]

1. e4 e5 2. Nc3 Bc5 3. Bc4 c6 4. d3 b5 5. Bb3 Qf6 6. Nf3 h6 7. Be3 Bxe3 8. fxe3
Ne7 9. O-O O-O 10. Nd4 Qd6 11. Nf5 Nxf5 12. exf5 Qf6 13. Ne4 Qd8 14. Qh5 d5 15.
Ng3 Qg5 16. Qe2 Nd7 17. e4 Nf6 18. Rf3 a5 19. a4 b4 20. Nf1 Bb7 21. Nd2 h5 22.
Rg3 Qh6 23. Rf1 Rad8 24. h4 dxe4 25. Rg6 Qh7 26. Nxe4 Nxe4 27. Qxe4 Rde8 28. f6
Re6 29. Rxg7+ Qxg7 30. fxg7 Kxg7 31. Bxe6 fxe6 32. Qxe5+ 1-0

[Event "SR 3. liga A2 2011/2012"]
[Site "?"]
[Date "2011.11.27"]
[Round "4.4"]
[White "Mezei, Tibor"]
[Black "Sedlak, Rastislav"]
[Result "1-0"]
[WhiteElo "1628"]
[BlackElo "1610"]
[PlyCount "97"]
[EventDate "2011.??.??"]

1. e4 e5 2. Nf3 Nc6 3. Bc4 Nf6 4. Ng5 d5 5. exd5 Na5 6. Bb5+ c6 7. dxc6 bxc6 8.
Ba4 h6 9. Nf3 Bd6 10. c3 Bd7 11. d4 Qc7 12. h3 e4 13. Nfd2 O-O 14. Nf1 Nc4 15.
Bb3 Nb6 16. Be3 c5 17. Nbd2 Rad8 18. Qc2 c4 19. Nxe4 Nxe4 20. Qxe4 cxb3 21.
axb3 Rfe8 22. Qd3 Bc6 23. c4 Bb4+ 24. Nd2 Bxg2 25. Rg1 Qh2 26. O-O-O Bxd2+ 27.
Qxd2 Qxh3 28. d5 Be4 29. Rg3 Qh5 30. Bxh6 g6 31. Bg5 Rxd5 32. cxd5 Rc8+ 33. Rc3
Rxc3+ 34. bxc3 Nxd5 35. c4 Nb4 36. Qd8+ Kh7 37. Bf6 g5 38. Qf8 Kg6 39. Qg7+ Kf5
40. Be7 Nd3+ 41. Rxd3 Bxd3 42. Qf6+ Ke4 43. Qc6+ Kf4 44. Bd6+ Kg4 45. Qg2+ Kf5
46. Qd5+ Kf6 47. Qxd3 Qh1+ 48. Kc2 Qf3 49. Qxf3+ 1-0

[Event "SR 3. liga A2 2011/2012"]
[Site "?"]
[Date "2011.11.27"]
[Round "4.5"]
[White "Strakac, Petr"]
[Black "Janko, Michal"]
[Result "0-1"]
[WhiteElo "2100"]
[BlackElo "2271"]
[PlyCount "74"]
[EventDate "2011.??.??"]

1. e4 c6 2. d4 d5 3. Nc3 dxe4 4. Nxe4 Bf5 5. Ng3 Bg6 6. Nf3 Nd7 7. Bc4 e6 8.
O-O Ngf6 9. Re1 Be7 10. Nh4 Qc7 11. Bb3 O-O-O 12. Qf3 Nb6 13. Bf4 Bd6 14. Be5
Bxe5 15. dxe5 Nfd5 16. a3 Ne7 17. Nxg6 Nxg6 18. Qe3 c5 19. c3 Nd5 20. Bxd5 Rxd5
21. f4 Rhd8 22. Ne4 Rd3 23. Nd6+ R8xd6 24. exd6 Qxd6 25. Qe4 Nxf4 26. Rf1 g5
27. Rf2 f5 28. Qa4 a6 29. Qe8+ Kc7 30. Re1 Rd1 31. Qf7+ Kb6 32. Rff1 Qd2 33.
Rxe6+ Ka7 34. Rxa6+ Kxa6 35. Qf6+ b6 36. Qc6 Rxf1+ 37. Kxf1 Qe2+ 0-1

[Event "SR 3. liga A2 2011/2012"]
[Site "?"]
[Date "2011.11.27"]
[Round "4.5"]
[White "Janko, Ladislav"]
[Black "Hudacek, Josef"]
[Result "1/2-1/2"]
[WhiteElo "2229"]
[BlackElo "2046"]
[PlyCount "88"]
[EventDate "2011.??.??"]

1. e4 e5 2. Nf3 Nc6 3. Bb5 a6 4. Ba4 Nf6 5. d3 d6 6. c3 g6 7. Nbd2 Bg7 8. Nf1
b5 9. Bc2 Bb7 10. Ng3 O-O 11. O-O Ne7 12. h3 c5 13. Be3 Qc7 14. Nh2 Nd7 15. f4
f5 16. fxe5 Bxe5 17. Ne2 d5 18. Nf3 fxe4 19. dxe4 dxe4 20. Ng5 Rxf1+ 21. Qxf1
Rf8 22. Qc1 Bh2+ 23. Kh1 Qe5 24. Qd2 Bc6 25. Bxe4 Bxe4 26. Nxe4 Qxe4 27. Kxh2
Nf5 28. Bf2 Nb6 29. Re1 Nc4 30. Qg5 Qc6 31. Nf4 Qc7 32. Kg1 Qd6 33. Re6 Qd1+
34. Kh2 Ng7 35. Re4 Rf5 36. Qe7 Qd6 37. Bg3 Qxe7 38. Rxe7 Nxb2 39. Ra7 Nd1 40.
Ne2 Ne3 41. Rxa6 Nh5 42. h4 g5 43. Re6 Nf1+ 44. Kh3 Nfxg3 1/2-1/2

[Event "SR 3. liga A2 2011/2012"]
[Site "?"]
[Date "2011.11.27"]
[Round "4.5"]
[White "Dvorsky, Jozef"]
[Black "Londin, Martin"]
[Result "1/2-1/2"]
[WhiteElo "2031"]
[BlackElo "1961"]
[PlyCount "117"]
[EventDate "2011.??.??"]

1. e4 e5 2. Nf3 Nc6 3. Bb5 a6 4. Ba4 Be7 5. c3 b5 6. Bc2 Bb7 7. O-O d6 8. Qe2
Nf6 9. Rd1 O-O 10. d3 Re8 11. Nbd2 Bf8 12. Nf1 Ne7 13. Ng3 c5 14. Bg5 Nd7 15.
d4 Qc7 16. d5 f6 17. Be3 Nb6 18. Nh4 g6 19. b3 Bg7 20. Rac1 Rf8 21. Qd2 Bc8 22.
Bh6 Bd7 23. Bxg7 Kxg7 24. f4 Rf7 25. Rf1 Raf8 26. f5 g5 27. Nf3 h6 28. h4 Rh8
29. Kf2 Kf8 30. Rh1 g4 31. Nh2 h5 32. Nhf1 Rfh7 33. Ne3 Be8 34. c4 b4 35. a3 a5
36. Ra1 Qb8 37. axb4 axb4 38. Ra6 Nec8 39. Rha1 Ra7 40. Bd1 Rhh7 41. R1a5 Rxa6
42. Rxa6 Ra7 43. Rxa7 Qxa7 44. Nc2 Qg7 45. Qe3 Kg8 46. Nf1 Kh7 47. Kg3 Qa7 48.
Nh2 Qg7 49. Ne1 Ne7 50. Nd3 Nd7 51. Qc1 Ng8 52. Qa1 Qh6 53. Nf1 Qf8 54. Qa7 Qe7
55. Ne3 Nh6 56. Qc7 Ng8 57. Nf2 Nh6 58. Be2 Qf8 59. Bd1 1/2-1/2